000 003480000a22001570004500
003 MACL
040 _aMACL
090 _c32472
_d32470
100 _aGupta, R.
245 _aGeneral Knowledge
_bAt A Glance
260 _bRamesh Publishing House
_c2003
350 _a38
650 _aGeneralities
942 _cBOOK
_k001/Gup
951 _o001/Gup BOOK
999 _c32142
_d32142